| 000 | 00813nam a2200253 u 4500 | ||
|---|---|---|---|
| 005 | 20230202063647.0 | ||
| 008 | 191014s1993 sp r 000 0 spa d | ||
| 020 | _a8474324521 | ||
| 035 | _aUPN01000233333 | ||
| 040 |
_aUPN _bspa _cUPN |
||
| 050 | 4 |
_aBF311 _bP7.5 |
|
| 245 | 0 | 0 |
_aPsicología ordinaria y ciencias cognitivas / _c Por Pascal Engel (comp.) ; traducción, Alberto Luis Bixio. |
| 250 | _a1a ed. | ||
| 260 |
_aBarcelona : _bGedisa, _c1993. |
||
| 300 | _a231 p. | ||
| 500 | _aTraducción de: Psychologie ordinaire et sciences cognitives. | ||
| 650 | 4 |
_aCognición _96446 |
|
| 650 | 2 |
_920759 _aCIENCIAS COGNITIVAS |
|
| 700 | 1 |
_aEngel, Pascal, _d1954- _944010 |
|
| 700 | 1 |
_aBixio, Alberto L _q(Alberto Luis) _etraductor _943814 |
|
| 905 | _aLibro | ||
| 942 |
_2lcc _cLIBRO |
||
| 999 |
_c205428 _d205428 |
||